Paříž /
Paříž je, společně s romány Lourdy a Řím, posledním dílem románového cyklu zaměřeného proti církvi. Prostřednictvím kněze Pierra Fromenta, jeho rodiny a přátel poznáváme Paříž plnou kontrastů. Zavede nás mezi ty nejubožejší z ubohých, umírající v nelidských podmínkách hladem a špínou. Po nevydařeném...
Uloženo v:
| Hlavní autor: | |
|---|---|
| Médium: | E-kniha |
| Jazyk: | Czech |
| Vydáno: |
Praha :
Artis,
2023
|
| Tagy: |
Žádné tagy |
| LEADER | 01573nam a22002297i 4500 | ||
|---|---|---|---|
| 001 | 311957 | ||
| 007 | ta | ||
| 008 | 260601s2023 xr ||||| |||| 00| 0 cze d | ||
| 020 | |a 9990003780843 | ||
| 044 | |a xr | ||
| 100 | 1 | |a Zola, Emile |4 aut | |
| 245 | 1 | 0 | |a Paříž / |c Zola, Emile |
| 264 | 1 | |a Praha : |b Artis, |c 2023 | |
| 300 | |a 1 online zdroj (455 stran) | ||
| 336 | |a text |b txt |2 rdacontent | ||
| 337 | |a bez média |b n |2 rdamedia | ||
| 338 | |a online zdroj |b cr |2 rdacarrier | ||
| 520 | 2 | |a Paříž je, společně s romány Lourdy a Řím, posledním dílem románového cyklu zaměřeného proti církvi. Prostřednictvím kněze Pierra Fromenta, jeho rodiny a přátel poznáváme Paříž plnou kontrastů. Zavede nás mezi ty nejubožejší z ubohých, umírající v nelidských podmínkách hladem a špínou. Po nevydařeném atentátu se Pierre postará o svého bratra Viléma i jeho rodinu a vytváří spolu znovu velmi silné přátelství. Pierre se dostává i do nejvyšší společnosti. Mezi tím vším Pierre, už od své pouti v Lourdech, svádí vnitřní boj se sebou samým. Odvrací se od své víry, svléká kněžský šat a nalézá své opravdové štěstí. | |
| 910 | |a RBIT002 | ||
| 998 | |d 378084 |a https://core.palmknihy.cz/api/books/378084/cover?rvgxi8 |b https://core.palmknihy.cz/api/books/378084/cover/400?rvgxi8 |c https://core.palmknihy.cz/api/books/378084/cover/50?rvgxi8 |e 2099-12-01 |g 455 |i 9990003780843 |j https://core.palmknihy.cz/api/books/378084/preview.epub |l |q 49 |r 1 |s https://www.palmknihy.cz/kniha/378084 |t ebook |y 2023 |z 1 | ||
| 999 | |d 311955 | ||